Rappeurs par lettre - N - Statistiques

Statistiques générales
  • Ce quiz a été pris 545 fois
  • Le résultat moyen est 6 sur 11
Statistiques - réponses
Albums notable Rappeur % Correct
Comme Prévu, Destin Ninho
98%
Zifukoro, Commando Niska
87%
Feu, Cyborg Nekfeu
86%
Le monde chico, Deux frères (membre du groupe) N.O.S
75%
Pochon Bleu, On est fait pour ça Naps
73%
2016 - 2018, Adios Bahamas Nepal
58%
Miraculé, Mens Rea Niro
53%
Rois sans couronne, Sélection naturelle Nessbeal
20%
Commission Rogatoire, Comparution immédiate Niaks
20%
Ailleurs, ORA Nemir
10%
Big Panda Noname
6%
Aucun quiz correspondant
Distribution des résultats
% des personnes avec chaque résultat
Percentile par nombre de réponses
Votre historique - résultats
Vous n’avez pas pris ce quiz